000 00497nam a22001817a 4500
003 CEME
005 20210628203453.0
008 210119b xxu||||| |||| 00| 0 eng d
020 _a9780521874144
040 _cceme
082 _a621.382 MAD
100 _aMadhow, Upamanyu
_965650
245 _aFundamentals of digital communication
260 _aNEW YORK
_bCAMBRIDGE UNIVERSITY PRESS
_c2008
300 _aXVII, 498P
650 _aDIGITAL COMMUNICATION-FUNDAMENTALS
_965651
942 _cBK
_2ddc
999 _c573802
_d573802